Catálogo público

Enzymes and their role in cereal technology / (Record no. 170521)

MARC details
000 -CABECERA
campo de control de longitud fija 00782nam a2200265Ia 4500
001 - NÚMERO DE CONTROL
campo de control dia_90
003 - IDENTIFICADOR DEL NÚMERO DE CONTROL
campo de control CHAP
005 - FECHA Y HORA DE LA ÚLTIMA TRANSACCIÓN
campo de control 20221207113549.0
008 - DATOS DE LONGITUD FIJA--INFORMACIÓN GENERAL
campo de control de longitud fija 220117s1987 xx 000 0 und d
010 ## - NÚMERO DE CONTROL DE LA BIBLIOTECA DEL CONGRESO
Número de control de LC 170521
020 ## - NÚMERO INTERNACIONAL ESTÁNDAR DEL LIBRO
Número Internacional Estándar del Libro 0-913250-46-5
040 ## - FUENTE DE LA CATALOGACIÓN
Centro/agencia transcriptor CHAP
082 ## - NÚMERO DE LA CLASIFICACIÓN DECIMAL DEWEY
Número de clasificación 633.1 K7
100 ## - ENTRADA PRINCIPAL--NOMBRE DE PERSONA
Nombre de persona Kruger, James E.
9 (RLIN) 63978
245 ## - MENCIÓN DE TÍTULO
Título Enzymes and their role in cereal technology /
Mención de responsabilidad, etc. by James E. Kruger
260 ## - PUBLICACIÓN, DISTRIBUCIÓN, ETC.
Lugar de publicación, distribución, etc. St. Paul Minnesota, USA :
Nombre del editor, distribuidor, etc. American Association of Cereal Chemists,
Fecha de publicación, distribución, etc. 1987
300 ## - DESCRIPCIÓN FÍSICA
Extensión 403 p.
500 ## - NOTA GENERAL
Nota general I.209968
600 ## - PUNTO DE ACCESO ADICIONAL DE MATERIA--NOMBRE DE PERSONA
Nombre de persona Cereales
9 (RLIN) 147163
700 ## - PUNTO DE ACCESO ADICIONAL--NOMBRE DE PERSONA
Nombre de persona American Association of Cereal Chemistry
9 (RLIN) 147164
901 ## - ELEMENTOS DE DATOS A LOCAL LDA (RLIN)
a 633.1 K7
902 ## - ELEMENTOS DE DATOS B LOCAL, LDB (RLIN)
a M
905 ## - ELEMENTOS DE DATOS E LOCAL, LDE (RLIN)
a 0000001987 -usA 0000000000eng00
942 ## - ELEMENTOS DE PUNTO DE ACCESO ADICIONAL (KOHA)
Tipo de ítem Koha Libro
Fuente del sistema de clasificación o colocación Dewey Decimal Classification
Holdings
Estado de retiro Estado de pérdida Fuente del sistema de clasificación o colocación Estado dañado No para préstamo Código de colección Localización permanente Ubicación/localización actual Fecha de adquisición Información codificada de la localización en otra ubicación Total de préstamos Signatura topográfica completa Código de barras Fecha visto por última vez Fecha del último préstamo Número de copia Precio válido a partir de Tipo de ítem Koha
    Dewey Decimal Classification     General Ingenieria Agroindustrial Ingenieria Agroindustrial 18/01/2022 1 1 633.1 K7 dia_4959 06/07/2023 06/07/2023 1 18/01/2022 Libro